Vista normal
Vista MARC
Entrada Materia (tema)
Número de registros utilizados en: 1
001 - CONTROL NUMBER
- control field: 36128
003 - CONTROL NUMBER IDENTIFIER
- control field: Co-BoUCM
005 - DATE AND TIME OF LATEST TRANSACTION
- control field: 20130422092549.0
008 - FIXED-LENGTH DATA ELEMENTS
- fixed length control field: 130422|| aca||aabn | a|a d
040 ## - CATALOGING SOURCE
- Original cataloging agency: Co-BoUCM
- Transcribing agency: Co-BoUCM
150 ## - HEADING--TOPICAL TERM
- Topical term or geographic name as entry element: Sustainable development.
670 ## - SOURCE DATA FOUND
- Source citation: Work cat.: (Co-BoUCM)166251: Goldsmith, Stephen 1946- 35969, The power of social innovation, 2010